| 000 | 00485nam a2200181Ia 4500 | ||
|---|---|---|---|
| 001 | 22735 | ||
| 005 | 20260414150851.0 | ||
| 008 | 260414t2010||||xx |||||||||||||| ||spa|| | ||
| 041 | _aESP | ||
| 082 |
_a621.395 _bA19L |
||
| 100 |
_aAcha Alegre, Santiago _eAUT |
||
| 245 | 0 |
_aElectrónica digital : _blógica digital integrada: teoría, problemas y simulación |
|
| 260 | _c2010 | ||
| 300 |
_a441 páginas : _c23 cm. |
||
| 650 | _aTCA | ||
| 654 | _aCET | ||
| 942 |
_cLIB _dJUS _fJUS _2ddc _n |
||
| 999 |
_c22735 _d22735 |
||